| 000 | 00659nab a2200169 4500 | ||
|---|---|---|---|
| 003 | ES-SlBCS | ||
| 005 | 20230517074852.0 | ||
| 008 | 150730s2015 sp ||||| |||| 00| 0 spa d | ||
| 040 |
_aES-SlBCS _bspa |
||
| 100 | 1 |
_aGracia, Diego _97988 |
|
| 245 | 1 | 0 |
_aDe mónadas y sustantividades o Leibniz y Zubiri _cDiego Gracia |
| 246 | 1 | 1 |
_aOn Monads and Substantivities _b: Or Leibniz and Zubiri |
| 600 | 1 | 0 |
_aZubiri, Xavier _d(1898-1983) _xCrítica e interpretación _9120105 |
| 600 | 1 | 4 |
_aLeibniz, Gottfried Wilhelm _d, 1646-1716 _xCrítica e interpretación _9104360 |
| 773 | 0 |
_gVol. 71, Nº 266, 2015, págs. 369-387 _tPensamiento _wRev321 _x0031-4749 |
|
| 942 |
_2lcc _cAR |
||
| 999 |
_c853332 _d853332 |
||